Bellaquita - Dalex, Lenny Tavárez - Estadísticas

Estadísticas generales
  • Esta prueba ha sido intentada 33 veces
  • La puntuación promedio es 259 de 329
Estadísticas de respuestas
Letra % Correcto
a
100%
aprendan
83%
bellaquear
83%
bellaquita
83%
calles
83%
cama
83%
carita
83%
cel
83%
como
83%
cosa
83%
culo
83%
darte
83%
de
83%
Desde
83%
di
83%
Dime
83%
Diría
83%
Dolce
83%
en
83%
encima
83%
enteren
83%
enviciado
83%
Es
83%
es
83%
ese
83%
eso
83%
esperen
83%
esta
83%
estás
83%
falla
83%
gemidos
83%
grabados
83%
grita
83%
gritar
83%
guardia
83%
hablara
83%
hicimos
83%
hombre
83%
hoy
83%
la
83%
La
83%
le
83%
llega
83%
lo
83%
locos
83%
los
83%
me
83%
mente
83%
mi
83%
83%
misa
83%
No
83%
no
83%
noche
83%
nombre
83%
oficial
83%
pa'
83%
pero
83%
Pero
83%
Ponte
83%
puesta
83%
puse
83%
que
83%
Que
83%
¡qué
83%
quedaron
83%
quedé
83%
quien
83%
quiero
83%
quitarte
83%
se
83%
Señor
83%
sepan
83%
si
83%
Si
83%
Siempre
83%
sientes
83%
te
83%
tiene
83%
Tiene
83%
tu
83%
Tus
83%
una
83%
vecinos
83%
y
83%
Y
83%
Yo
83%
yo
83%
altura
67%
apagar
67%
baby
67%
bajo
67%
bebé
67%
castigar
67%
con
67%
cuando
67%
culito
67%
Dalex
67%
delito
67%
el
67%
El
67%
ella
67%
encanta
67%
frisa
67%
fue
67%
fueron
67%
gritaba
67%
gritos
67%
hizo
67%
hookiado
67%
Lenny
67%
malo
67%
mojarte
67%
Music
67%
Música
67%
nada
67%
nalgadas
67%
pantisito
67%
por
67%
porque
67%
quería
67%
quiere
67%
Rich
67%
rico!
67%
Rosalía
67%
sexo
67%
también
67%
Tavárez
67%
tiempo
67%
tuve
67%
único
67%
bellaca
50%
besitos
50%
chiliar
50%
comerme
50%
Dímelo
50%
Diver
50%
Flex
50%
Flow
50%
Jhon
50%
llovía
50%
parecer
50%
Rike
50%
rompía
50%
víctima
50%
Mami
33%
(ay
17%
papi)
17%
No se encontraron pruebas coincidentes
Distribución de puntuación
Porcentaje de gente con cada puntuación
Porcentaje por número respondido
Historial de tus puntuaciones
No has intentado esta prueba.